Atlas of cats /

Hlavní autor: Haraštová, Helena, 1987-
Další autoři: Sedláčková, Jana, Lombardo, Giulia, 1991-
Jazyk: Angličtina
Vydáno: Prague : Albatros, [2022]
Témata:
Fyzický popis: 107 stran : barevné ilustrace ; 29 cm
Knihy
Uloženo v:
LEADER 02137nam a2200601 i 4500
001 nkc20223391702
003 CZ PrNK
005 20220315121056.0
007 ta
008 220117t20222022xr a b f 000 0 eng
015 |a cnb003391702 
020 |a 978-80-00-06354-6  |q (vázáno) 
035 |a (OCoLC)1310111870 
040 |a BOA001  |b cze  |d OLA001  |e rda 
041 1 |a eng  |h cze 
072 7 |a 636  |x Chov zvířat. Živočišná výroba  |2 Konspekt  |9 24 
072 7 |a 0/9-053.2  |x Literatura pro děti a mládež (naučná)  |2 Konspekt  |9 26 
080 |a 636.8  |2 MRF 
080 |a 636.05  |2 MRF 
080 |a (084.42)  |2 MRF 
080 |a (0:82-32)  |2 MRF 
080 |a (0.053.2)  |2 MRF 
100 1 |a Haraštová, Helena,  |d 1987-  |7 jx20111101007  |4 aut 
245 1 0 |a Atlas of cats /  |c Helena Haraštová & Jana Sedláčková ; illustrations by Giulia Lombardo 
264 1 |a Prague :  |b Albatros,  |c [2022] 
264 4 |c ©2022 
300 |a 107 stran :  |b barevné ilustrace ;  |c 29 cm 
336 |a text  |b txt  |2 rdacontent 
336 |a statický obraz  |b sti  |2 rdacontent 
337 |a bez média  |b n  |2 rdamedia 
338 |a svazek  |b nc  |2 rdacarrier 
500 |a Přeloženo z češtiny 
500 |a Pro nakladatelství Albatros ve společnosti Albatros Media připravilo nakladatelství B4U Publishing 
650 0 7 |a kočky  |7 ph115000  |2 czenas 
650 0 7 |a plemena zvířat  |7 ph134966  |2 czenas 
650 0 9 |a cats  |2 eczenas 
650 0 9 |a animal breeds  |2 eczenas 
655 7 |a atlasy  |7 fd131835  |2 czenas 
655 7 |a příběhy  |7 fd133204  |2 czenas 
655 7 |a publikace pro děti  |7 fd133156  |2 czenas 
655 9 |a atlases  |2 eczenas 
655 9 |a stories  |2 eczenas 
655 9 |a children's literature  |2 eczenas 
700 1 |a Sedláčková, Jana  |7 mub2017973381  |4 aut 
700 1 |a Lombardo, Giulia,  |d 1991-  |7 osa20181012706  |4 ill 
910 2 |a BOA001  |b 4-1482.205 
928 9 |a Albatros Media - Albatros 
928 9 |a Albatros Media - B4U Publishing 
928 9 |a B4U Publishing 
990 |a BK 
995 |a 01 
991 |b 202203  |c NOV 
996 6 |b 2610893338  |c 4-1482.205  |l MZK  |r Sklad / do 1 hodiny  |n 0  |p p.v.  |w 001877334  |u 000010  |a 1  |e BOA001  |j MZK50  |s P